书目信息 |
| 题名: |
医学计算机应用
|
|
| 作者: | 袁同山 , 阳小华 主编 | |
| 分册: | ||
| 出版信息: | 北京 人民卫生出版社 2018 |
|
| 页数: | 22,426页 | |
| 开本: | 28cm | |
| 丛书名: | 国家卫生健康委员会“十三五”规划教材 | |
| 单 册: | ||
| 中图分类: | R319 | |
| 科图分类: | ||
| 主题词: | 计算机应用--医学--高等学校--教材 | |
| 电子资源: | ||
| ISBN: | 978-7-117-26673-4 | |
| 000 | 01662nam2 2200301 450 | |
| 001 | 2343375648 | |
| 005 | 20231222120319.67 | |
| 010 | @a978-7-117-26673-4@d66.00CNY | |
| 100 | @a20181017d2018 em y0chiy0120 ea | |
| 101 | 0 | @achi |
| 102 | @aCN@b110000 | |
| 105 | @aak z 001yy | |
| 200 | 1 | @a医学计算机应用@Ayi xue ji suan ji ying yong@b专著@dComputer application in medicine@f袁同山, 阳小华主编@zeng |
| 205 | @a6版 | |
| 210 | @a北京@c人民卫生出版社@d2018 | |
| 215 | @a22,426页@c图@d28cm | |
| 225 | 2 | @a国家卫生健康委员会“十三五”规划教材 |
| 300 | @a全国高等学校教材 | |
| 320 | @a有索引 | |
| 330 | @a全国高等学校五年制本科临床医学专业第九轮规划教材53种的修订,将全面贯彻落实全国医学教育改革工作会议精神和《国务院关于深化医教协同进一步推进医学教育改革和发展的意见》(国办发[2017]63号文),加快构建规范化、标准化的医学人才培养体系,全面提升医学教育的质量和水平,遵循高等教育规律、医学人才成才规律和中国医学教材建设规律,打造高质量高水平的医学精品教材。本套教材为全国高等学校五年制本科临床医学专业第九轮规划教材,是我国医学教育领域起步早、历史悠久、修订版次多的规范、科学、经典的国家级规划教材。第八轮教材自2013年秋季出版至今,已经4年时间,修订再版是学科知识及医学教育发展的需要。本次修订将根据医学教育发展的需要,注重课程体系的优化改革和教材体系建设的创新,并继续坚持"三基、五性、三特定"的教材编写原则,更新内容,体现继承与发展。 | |
| 410 | 0 | @12001 @a国家卫生健康委员会“十三五”规划教材 |
| 510 | 1 | @aComputer application in medicine@zeng |
| 606 | 0 | @a计算机应用@x医学@x高等学校@j教材 |
| 690 | @aR319@v5 | |
| 701 | 0 | @a袁同山@Ayuan tong shan@4主编 |
| 701 | 0 | @a阳小华@Ayang xiao hua@4主编 |
| 801 | 2 | @aCN@b辽宁北配@c20231205 |
| 905 | @aBZT@dR319@e10=6 | |
| 医学计算机应用=Computer application in medicine/袁同山, 阳小华主编.-6版.-北京:人民卫生出版社,2018 |
| 22,426页:图;28cm.-(国家卫生健康委员会“十三五”规划教材) |
| 全国高等学校教材 |
| ISBN 978-7-117-26673-4:66.00CNY |
| 全国高等学校五年制本科临床医学专业第九轮规划教材53种的修订,将全面贯彻落实全国医学教育改革工作会议精神和《国务院关于深化医教协同进一步推进医学教育改革和发展的意见》(国办发[2017]63号文),加快构建规范化、标准化的医学人才培养体系,全面提升医学教育的质量和水平,遵循高等教育规律、医学人才成才规律和中国医学教材建设规律,打造高质量高水平的医学精品教材。本套教材为全国高等学校五年制本科临床医学专业第九轮规划教材,是我国医学教育领域起步早、历史悠久、修订版次多的规范、科学、经典的国家级规划教材。第八轮教材自2013年秋季出版至今,已经4年时间,修订再版是学科知识及医学教育发展的需要。本次修订将根据医学教育发展的需要,注重课程体系的优化改革和教材体系建设的创新,并继续坚持"三基、五性、三特定"的教材编写原则,更新内容,体现继承与发展。 |
| ● |
| 相关链接 |
|
|
|
正题名:医学计算机应用
索取号:R319/10=6
 
预约/预借
| 序号 | 登录号 | 条形码 | 馆藏地/架位号 | 状态 | 备注 |
| 1 | 2001686804 | 2001686804 | 516书库/ [索取号:R319/10=6] | 在馆 | |
| 2 | 2001686805 | 2001686805 | 516书库/ [索取号:R319/10=6] | 在馆 | |
| 3 | 2001686806 | 2001686806 | 516书库/ [索取号:R319/10=6] | 在馆 | |
| 4 | 2001686807 | 2001686807 | 516书库/ [索取号:R319/10=6] | 在馆 | |
| 5 | 2001686808 | 2001686808 | 516书库/ [索取号:R319/10=6] | 在馆 | |
| 6 | 2001686809 | 2001686809 | 516书库/ [索取号:R319/10=6] | 在馆 | |
| 7 | 2001686810 | 2001686810 | 516书库/ [索取号:R319/10=6] | 在馆 | |
| 8 | 2001686811 | 2001686811 | 516书库/ [索取号:R319/10=6] | 在馆 | |
| 9 | 2001686812 | 2001686812 | 516书库/ [索取号:R319/10=6] | 在馆 | |
| 10 | 2001686813 | 2001686813 | 516书库/ [索取号:R319/10=6] | 在馆 |